Quiz Cultura Generale - Quiz n°13 - Statistics

Statistiche generali
  • Questo quiz è stato fatto 246 volte
  • Il punteggio medio è 9 su 15
Statistiche sulle risposte
Domanda Risposta % Corretto
Qual è la regione italiana con meno province? Valle d'Aosta
97%
Quale organo colpisce l'otite? Orecchio
93%
In quale catana montuosa si trova il Monte Bianco? Alpi
88%
Quale nazione festeggia Capodanno tra il 21 gennaio e il 20 febbraio? Cina
87%
Su quale isola della costa campana troviamo i famosi Faraglioni? Isola di Capri
73%
Come si chiama la moglie di Homer Simpson? Marge Bouvier
72%
In un campo da calcio, quanto dista il dischetto dell'area di rigore dalla linea di porta? 11 metri
64%
Di quale nazione sudamericana fa parte la provincia di Cordoba? Argentina
58%
Secondo la leggenda, chi ha detto "Alea iacta est"? Gaio Giulio Cesare
57%
Di chi era moglie Elena di Troia? Menelao
54%
Quale fiume bagna Verona? Adige
46%
In che anno avvenne la Breccia di Porta Pia? 1870
32%
Chi fu compagno di scuderia di Hamilton alla McLaren nel 2007? Fernando Alonso
19%
Chi è stato il predecessore di Papa Giovanni Paolo I? Papa Paolo VI
15%
Che cosa studia l'ofiologia? I serpenti
7%
Nessun quiz corrispondente trovato
Distribuzione punteggi
Percentuale di utenti per punteggio
Percentile per numero di risposta
I tuoi punteggi nel tempo
Non hai fatto questo quiz